000 00202 a2200097 4500
001 47239
100 _aWayne
245 _aTwo Odd Soldiers
260 _aLondon
_bGeorge Allen
_c
090 _c30287
_d30287
942 _aNUST-CAE
_cM
_c22544
999 _c282312
_d282312